| 000 | 00557nam a2200229Ia 4500 | ||
|---|---|---|---|
| 008 | 210210b2009 xxu||||| |||| 00| 0 eng d | ||
| 020 | _a9788173716171 | ||
| 041 | _aeng | ||
| 082 | _a658.4 FREC | ||
| 100 | _aFRENCH (Ray) | ||
| 245 | _aCross cultural management in work organisations | ||
| 260 |
_aHyderabad _bUniversities Press _c2009 |
||
| 300 | _ax,213 | ||
| 650 | _awork | ||
| 650 | _aorganisations | ||
| 650 | _amanagement | ||
| 650 | _ain | ||
| 650 | _acultural | ||
| 650 | _aCross | ||
| 690 | _aExecutive Management | ||
| 906 | _a064740 | ||
| 999 |
_c150791 _d150791 |
||